000 00675nam a2200229 a 4500
001 000012309
005 20200929162805.0
008 091111s2005 dr 000 f spa d
020 _a1932271511
040 _aDO-SdBNP
_bspa
_cBNPHU
082 _aPa863.44
_bF385n
100 1 _aFerrer, Renée,
_d1944-
_928977
245 1 4 _aLos nudos del silencio /
_cRenée Ferrer.
260 _aSan Juan, Puerto Rico,
_c2005.
300 _a120 p. ; :
_b21 cm.
490 0 _aEl canon secuestrado
650 4 _aNovela paraguaya
_915048
650 4 _aLiteratura paraguaya
_915641
830 1 3 _aEl canon secuestrado
_96917
910 _aValidado. Control de calidad BNPHU
049 _aBNPD
999 _c11966
_d11966